000 00217nam a2200097Ia 4500
008 220204s9999 xx 000 0 und d
082 _a82-3
_bLAM
100 _aLamour, Louis
245 0 _aTreasure mountain
942 _cBK
999 _c35800
_d35800